000 00468nam a22001457a 4500
005 20250901122322.0
008 250901b |||||||| |||| 00| 0 eng d
100 _aMURUNGI STELLA K.
245 _aEFFECTS OF STRATEGIC PLANNING PERSPECTIVES ON PERFORMANCEIN MEDIUM ENTERPRISES IN ELDORET TOWN, UASIN GISHU COUNTY
260 _aKISII
_bKISII UNIVERSITY
_c2016
300 _aXV,97P.
500 _aINCLUDES AN INDEX
650 _aSTRATEGIC PLANNING
942 _2lcc
_cREF
999 _c216058
_d216058